APEC Schools

Quantum of motion (Record no. 8232)

000 -LEADER
fixed length control field nam a22 7a 4500
005 - DATE AND TIME OF LATEST TRANSACTION
control field 20191025061558.0
008 - FIXED-LENGTH DATA ELEMENTS--GENERAL INFORMATION
fixed length control field 191025b xxu||||| |||| 00| 0 eng d
020 ## - IDENTIFIER FOR THE MANIFESTATION
Identifier for the Manifestation 978380742434
Binding paperback
040 ## - CATALOGING SOURCE
Language of Cataloging eng
Transcribing Agency APEC Schools Library
Description Conventions rda
082 ## - DEWEY DECIMAL CLASSIFICATION NUMBER
Classification number C 531.2
Author's Number Q1 2010
245 ## - TITLE AND STATEMENT OF RESPONSIBILITY
Preferred Title Proper Quantum of motion
264 ## - PUBLICATION STATEMENT
Place of publication, distribution, etc Mumbai, India :
Publisher's Name/Parallel Publisher's Name Mexus Education Pvt. Ltd.,
Copyright ©2010.
300 ## - PHYSICAL DESCRIPTION
Extent 136 pages :
Illustrative Content colored illustrations ;
336 ## - RDA CONTENT
Source rdacontent
Content Type text
337 ## - RDA MEDIA
Source rdamedia
Media Type unmediated
338 ## - RDA CARRIER
Source rdacarrier
Carrier Type volume
650 ## - ADDED SUBJECT ACCESS POINT - TOPICAL TERM
Topical Term Motion.
650 ## - ADDED SUBJECT ACCESS POINT - TOPICAL TERM
Topical Term Force and energy.
650 ## - ADDED SUBJECT ACCESS POINT - TOPICAL TERM
Topical Term Dynamics.
942 ## - ADDED ENTRY ELEMENTS (KOHA)
Source of Classification
Koha Item Type Non Fiction
Holdings
Library Site Location Shelving Location Source of Acquisition Full Classification Number Accession Number Koha Item Type
APEC V. Luna Library APEC V. Luna Library Circulation Institutional Fund C 531.2 Q1 2010 A01-0000345 Non Fiction

Powered by Koha